00269nam a22001217a 4500082001200000100002000012245002200032260003700054300001000091650002200101942000700123999001700130 a823 SHE aSheldon, Sidney aThe Sands Of Time aKolkatta, IndiabRupa & Coc1988 a365 P aEnglish - Fiction cBK c19789d19789